000 00262nam a22000857a 4500
008 161124b xxu||||| |||| 00| 0 eng d
100 _91386
_aCBSE
245 _aAssesment of practical skills in science and technology - x
260 _aNew delhi
_bNational book trust
_c2007
999 _c4102
_d4102